Corpos, prazeres e paixoes : a cultura sexual no Brasil contemporaneo /
Gorde:
| Egile nagusia: | |
|---|---|
| Beste egile batzuk: | |
| Formatua: | Ezezaguna |
| Hizkuntza: | Portuguese |
| Argitaratua: |
Sao Paulo :
Best Seller,
c1991.
|
| Edizioa: | 2. edición |
| Gaiak: | |
| Etiketak: |
Etiketa erantsi
Etiketarik gabe, Izan zaitez lehena erregistro honi etiketa jartzen!
|
MARC
| LEADER | 000000000a22000000004500 | ||
|---|---|---|---|
| 001 | 003927 | ||
| 020 | |a 8571232520 | ||
| 041 | 0 | |a por | |
| 082 | 0 | 4 | |a 306.7 |b P242c2 |
| 100 | 1 | |a Parker, Richar G. |q (Richard Guy), |q 1956- | |
| 245 | 1 | 0 | |a Corpos, prazeres e paixoes : |b a cultura sexual no Brasil contemporaneo / |c Richar G. Parker ; Maria Therezinha Cavallari, traductor. |
| 250 | |a 2. edición | ||
| 260 | 1 | |a Sao Paulo : |b Best Seller, |c c1991. | |
| 300 | |a 295 páginas | ||
| 500 | |a Título original: Bodies, pleasures and passions : sexual culture in contemporary Brazil | ||
| 500 | |a Colección George Yúdice | ||
| 650 | 4 | |a COSTUMBRES SEXUALES | |
| 650 | 4 | |a ETICA SEXUAL | |
| 650 | 4 | |a CONDUCTA SEXUAL | |
| 650 | 4 | |a BRASIL | |
| 700 | 1 | |a Cavallari, Maria Therezinha M., |e traductor | |
| 999 | |c 10261 |d 10261 | ||
| 942 | |c BK |h 306.7 P242c2 |2 z | ||



